Home ownership and social inequality in comparative perspective

Bibliographic Details
Corporate Author: ProQuest (Firm)
Other Authors: Kurz, Karin., Blossfeld, Hans-Peter.
Format: Electronic eBook
Language:English
Published: Stanford, Calif. : Stanford University Press, 2004.
Series:Studies in social inequality.
Subjects:
Online Access:Click to View
LEADER 01414nam a2200373 a 4500
001 EBC3037491
003 MiAaPQ
005 20200520144314.0
006 m o d |
007 cr cn|||||||||
008 031217s2004 caua sb 001 0 eng
010 |z  2003027548 
020 |z 0804748519 (cloth : alk. paper) 
035 |a (MiAaPQ)EBC3037491 
035 |a (Au-PeEL)EBL3037491 
035 |a (CaPaEBR)ebr10070365 
035 |a (OCoLC)70773640 
040 |a MiAaPQ  |c MiAaPQ  |d MiAaPQ 
050 4 |a HD7287.8  |b .H65 2004 
082 0 4 |a 305.5/12  |2 22 
245 0 0 |a Home ownership and social inequality in comparative perspective  |h [electronic resource] /  |c edited by Karin Kurz and Hans-Peter Blossfeld. 
260 |a Stanford, Calif. :  |b Stanford University Press,  |c 2004. 
300 |a xvii, 385 p. :  |b ill. 
490 1 |a Studies in social inequality 
504 |a Includes bibliographical references and index. 
533 |a Electronic reproduction. Ann Arbor, MI : ProQuest, 2015. Available via World Wide Web. Access may be limited to ProQuest affiliated libraries. 
650 0 |a Home ownership. 
650 0 |a Social stratification. 
655 4 |a Electronic books. 
700 1 |a Kurz, Karin. 
700 1 |a Blossfeld, Hans-Peter. 
710 2 |a ProQuest (Firm) 
830 0 |a Studies in social inequality. 
856 4 0 |u https://ebookcentral.proquest.com/lib/matrademy/detail.action?docID=3037491  |z Click to View